00531nam a22001697a 450000500170000001000150001702000260003203500140005803700090007208200110008110000260009224500980011825000060021626000380022227000720026030000290033220250529161334.0 aENG-145054 a9788195088218c525.00 aEN-128586 bDBAD a61221 aPalep, Hanmanthrao S. aDosha Dhatu Mala Vigyan: bAn Integrated Approach to Human Physiology/cHanmanthrao S. Palep  a1 aMumbai bPopular Prakashan c2022 a301, Mahalaxmi Chambers, 22, Bhulabhai Desai Road,bMumbai e400026 axxviii,358p. c21cm(pb)